Регионална библиотека "Любен Каравелов" - Русе

Избрани технически етюди за кларинет (Запис номер 320840)

MARC детайли
000 -Лидер
Контролно поле с фиксирана дължина ncm a22 a 4500
003 - Код на организацията, давaща контролен номер
Контролно поле BLK
005 - Дата и час на последна редакция
Контролно поле 20210728153546.0
008 - Елементи от данни с фиксирана дължина
fixed length control field 180414b bul |a|er|||| |0| c|bulo|
010 ## - Наследен системен номер
LC control number NOT00003823000
020 ## - Международен стандартен номер на книга ISBN
Международен стандартен номер на книга ISBN 979-0-9016673-2-7
040 ## - Източник на каталожния запис
Идентификатор на билиотеката - собственик на записа BLK
041 ## - Код за език
Код за езика на текст/звукозапис или на отделно заглавие Български
Код за езика КДБФ Български
080 ## - УДК
Текстов определител УДК Кларинет. Етюди, гами, учебна литература
УДК код - определител по УДК 788.6.087.5
УДК - код + определител 788.6.087.5
100 ## - Редна дума - Автор
R(LIN) 389208
Автор Димитров, Сава
Авторска отговорност първи автор
139 ## - Редно поле
Редна дума Димитров, Сава
Авторски знак Дими - Д 58
245 10 - Сведения за заглавието
Заглавие Избрани технически етюди за кларинет
Редно поле (дума) Сава Димитров ; [предг.], подб. и анализ Сава Д. Димитров
Том Т. 3
246 11 - Различни форми на заглавието
Паралелно заглавие Selected technical etudes for clarinet
257 ## - Страна на издаване
Страна на създаване/издаване България
260 ## - Област на издателските данни
Място на издаване, разпространение и проч. София
Име на издателя, разпространителя и проч. Хайни
Година на издаване 2016
300 ## - Физическа характеристика
Размери/Мащаб 34 см
380 ## - Жанр
Жанр Изкуство
650 #4 - Допълнително описание по предмет – тема
Основно описание – тема или топоним Кларинет - етюди, гами
9 (RLIN) 353811
653 ## - Ключова дума – ненормативна
Ключова дума кларинети
653 ## - Ключова дума – ненормативна
Ключова дума етюди
700 1# - Други автори (авторска отговорност)
Лично име Димитров, Сава Димитров
Автороска отговорност (Описва отношението между автора и произведението) подб. и анализ
9 (RLIN) 386371
720 ## - Неконтролирано име
Паралелен автор prof. Sava Dimitrov
Ключова дума за отношение (Описва отношението между автора и произведението) паралелен автор
760 ## - Описание на основната серия
Редна дума на основното описание Димитров, Сава
Място на издаване, издател и година София, 2016
Страници - том 60 с. : с ноти
Част - том Т. 3
852 ## - Местоположение
Форматна сигнатура Цб М ІІ 11901
Част 0
852 ## - Местоположение
Фондова буква Отдел Изкуство - подръчен фонд
Систематично-азбучна сигнатура 788/Д 58 С
856 4# - Електронен адрес и достъп
Електронен формат pdf - файл
Път до файла /url/
856 4# - Електронен адрес и достъп
Електронен формат pdf - файл
Път до файла /url/
999 ## - СИСТЕМНИ КОНТРОЛНИ НОМЕРА
Koha biblionumber 320840
Koha biblioitemnumber 320840
942 ## - АРТИКУЛИ
Вид на библиотечния материал Нотни издания
Скрит в OPAC Не
Периодичен библиозапис Да
944 ## - СЪЗДАВАНЕ И РЕДАКЦИЯ на ЗАПИСА
Създаване/Редакция Създаване
Дата на регистрацията/редакция 16.11.2016
Служител, извършил регистрацията/редакцията Виолета_Тройчева
944 ## - СЪЗДАВАНЕ И РЕДАКЦИЯ на ЗАПИСА
Създаване/Редакция Редакция
Дата на регистрацията/редакция 2021-07-27
Служител, извършил регистрацията/редакцията ГГГ
999 ## - СИСТЕМНИ КОНТРОЛНИ НОМЕРА
Koha biblioitemnumber 320840
999 ## - СИСТЕМНИ КОНТРОЛНИ НОМЕРА
Koha biblioitemnumber 320840
Наличности
Код за отписване Код за изгубен артикул Код за повреда Коз за рестрикции Код за отдаване Артикулен № Име на библиотеката - собственик Име на библиотеката, в която се намира в момента Статус (Текущо местоположение) Дата на вписване в системата Местоположение - отдел Цена в лева Инвентарен номер Систематично азбучна сигнатура Баркод Номер на екземпляра Цена в евро Служебна бележка Служебен тип на артикула Източник на класификационната схема
  Не е изгубен Не е повреден без рестрикции ползва се в читалня 674248 Регионална библиотека "Любен Каравелов" Русе Регионална библиотека "Любен Каравелов" Русе Хранилище 2016-11-16 Хранилище 12.00 170000004226 Цб М ІІ 11901 170000004226 1 6.14 Дост: Dp Вид: Д N: 43 Дата: 03.10.2016 Бележки инв: Пенка_Дими Съставил: Пенка_Димитрова Нотни издания  
  Не е изгубен Не е повреден без рестрикции заемане за дома 845169 Регионална библиотека "Любен Каравелов" Русе Регионална библиотека "Любен Каравелов" Русе Отдел Изкуство - подръчен фонд 2021-07-28 Отдел Изкуство - подръчен фонд 20.00   788/Д 58 С 120000859284   10.23   Нотни издания Universal Decimal Classification
Vip Innovations Ltd, Rousse, Bulgaria 2025